000 00999nam a2200121Ia 4500
008 220620s9999||||xx |||||||||||||| ||und||
100 _aRennwald, Line
245 0 _aSocial Democratic Parties and the Working Class
_bNew Voting Patterns
546 _aEnglish[eng]
650 _aElectoral Politics||Political Sociology||Political History||European Politics||Comparative Politics||Open Access||social democracy||electoral behaviour||voting behaviour||working class electorate||labour movement||class mobilisation||working class party||party politics||industrial relations||social classes and stratification||electoral strategies||immigration||service workers||radical left parties||radical right parties||European politics||Elections & referenda||Sociology||Politics & government||Political science & theory||History: specific events & topics||Europe||Comparative politics
856 _uhttps://library.oapen.org/bitstream/20.500.12657/41281/1/2020_Book_SocialDemocraticPartiesAndTheW.pdf
942 _cEB
999 _c28167
_d28167